| 000 | 00810nam a22002772 4500 | ||
|---|---|---|---|
| 001 | 13287 | ||
| 003 | BD-RjUL | ||
| 005 | 20211208235430.0 | ||
| 008 | 140130s1972 enka 001 0 eng d | ||
| 020 | _a0070283672 | ||
| 035 | _a(BD-RjUL)13338 | ||
| 040 |
_aUKM _cUKM _dBD-RjUL _beng |
||
| 041 | _aeng | ||
| 082 | 0 | 0 |
_a621.381043 _218 _bHEI 1972 |
| 100 | 1 |
_aHerrick, Clyde N. _941377 |
|
| 245 | 1 | 0 |
_aInstruments and measurements for electronics / _cClyde N. Herrick. |
| 260 |
_aNew York ; _aMaidenhead : _bMcGraw-Hill, _cc1972. |
||
| 300 |
_axv, 542 p. : _bill. ; _c24 cm. |
||
| 500 | _aTitle page imprint: London. | ||
| 500 | _aIncludes index. | ||
| 650 | 0 |
_aElectronic instruments. _939472 |
|
| 650 | 0 |
_aElectronic measurements. _9681 |
|
| 942 |
_2ddc _cBK |
||
| 999 |
_c13287 _d13287 |
||